Grasslands systems analysis and man (Record no. 35578)

MARC details
000 -LEADER
fixed length control field 00407nam a2200145Ia 4500
082 ## - DEWEY DECIMAL CLASSIFICATION NUMBER
Classification number 581.5
Item number BRE
100 ## - MAIN ENTRY--AUTHOR NAME
Personal name BREYMEYER, A I
245 #0 - TITLE STATEMENT
Title Grasslands systems analysis and man
260 ## - PUBLICATION, DISTRIBUTION, ETC. (IMPRINT)
Place of publication London
Name of publisher Cambridge University
Year of publication 1980
490 ## - SERIES STATEMENT
Series statement International biological programme; 19
650 ## - SUBJECT ADDED ENTRY--TOPICAL TERM
Topical Term Grassland ecology
700 ## - ADDED ENTRY--PERSONAL NAME
Personal name VANDYNG, G M
942 ## - ADDED ENTRY ELEMENTS (KOHA)
Koha item type Books
Holdings
Withdrawn status Lost status Damaged status Not for loan Home library Current library Date acquired Full call number Accession Number Koha item type
        RRII Library RRII Library 16/12/2021 581.5 BRE 16001 Books